000
00292nam a22001337a 4500
008
170320b xxu||||| |||| 00| 0 eng d
020
_a
9780071546447
041
_a
eng
080
_2
7TH
_a
616.8
100
_a
7
101
_a
SHM
245
_a
CLINICAL NEUROLOGY
_c
SIMON, R.P
942
_2
udc
_c
BK
999
_c
8166
_d
8166